[Event "Hvar U18 3rd"]
[Site "Hvar"]
[Date "2019.10.06"]
[Round "3"]
[White "Kukas, Oliver"]
[Black "Ghersinich, Enrico"]
[Result "1-0"]
[WhiteElo "2265"]
[BlackElo "2179"]
[PlyCount "105"]
[EventDate "2019.10.05"]
[EventType "tourn"]
[EventRounds "6"]
[EventCountry "CRO"]
[SourceTitle "CBM 193 Extra"]
[Source "ChessBase"]
[SourceDate "2020.01.31"]
[SourceVersion "1"]
[SourceVersionDate "2020.01.31"]
[SourceQuality "1"]

1. e4 c5 2. Nf3 d6 3. d4 cxd4 4. Nxd4 Nf6 5. Nc3 g6 6. Be2 Bg7 7. 0-0 0-0 8. Re1 Nc6 9. Nb3 a6 10. Bf1 Bd7 11. Nd5 Re8 12. Be3 Nxd5 13. exd5 Na5 14. Bd4 Nxb3 15. axb3 Bxd4 16. Qxd4 Qc7 17. c4 Qc5 18. Qc3 e6 19. b4 Qc7 20. dxe6 Bxe6 21. Rad1 Rec8 22. Qd4 a5 23. b5 Qc5 24. Qf6 Re8 25. Re4 Rac8 26. Rh4 Qe5 27. Qf3 Qxb2 28. Rhd4 b6 29. h4 Rc5 30. Qe4 Rcc8 31. Qf4 Qc2 32. h5 Bxc4 33. Rc1 Qb2 34. Rdxc4 Rc5 35. Rxc5 bxc5 36. Bc4 Re7 37. Rd1 Qe5 38. Qxe5 dxe5 39. hxg6 hxg6 40. b6 Rb7 41. Rb1 Kf8 42. Bd5 Rb8 43. b7 Ke7 44. Rb6 a4 45. Ra6 Kd7 46. Rxa4 f5 47. Ra8 Kc7 48. Kf1 c4 49. Ke2 e4 50. Rxb8 Kxb8 51. Bxc4 Kxb7 52. Bf7 g5 53. Bg6 1-0

[Event "EU-ch U18"]
[Site "Bratislava"]
[Date "2019.08.10"]
[Round "9"]
[White "Kukas, Oliver"]
[Black "Ludvik, Tomas"]
[Result "1/2-1/2"]
[WhiteElo "2085"]
[BlackElo "2346"]
[PlyCount "58"]
[EventDate "2019.08.02"]
[EventType "swiss"]
[EventRounds "9"]
[EventCountry "SVK"]
[SourceTitle "CBM 191 Extra"]
[Source "ChessBase"]
[SourceDate "2019.09.30"]
[SourceVersion "1"]
[SourceVersionDate "2019.09.30"]
[SourceQuality "1"]

1. d4 Nf6 2. Bf4 b6 3. Nf3 Bb7 4. e3 g6 5. h4 Bg7 6. Nbd2 c5 7. Nc4 cxd4 8. exd4 d6 9. Be2 b5 10. Ne3 Qa5+ 11. c3 Nbd7 12. a4 bxa4 13. Nc4 Qc7 14. Qxa4 0-0 15. 0-0 Nb6 16. Nxb6 axb6 17. Qb3 Nd5 18. Bd2 e5 19. Bc4 Ne7 20. dxe5 dxe5 21. Ng5 Nc6 22. Rxa8 Bxa8 23. Be2 h6 24. Nf3 e4 25. Nh2 Na5 26. Qb4 Rb8 27. Be3 Bf8 28. Qd4 Bg7 29. Qb4 Bf8 1/2-1/2

[Event "EU-ch U18"]
[Site "Bratislava"]
[Date "2019.08.05"]
[Round "4"]
[White "Fus, Jakub"]
[Black "Kukas, Oliver"]
[Result "1-0"]
[WhiteElo "2357"]
[BlackElo "2085"]
[PlyCount "49"]
[EventDate "2019.08.02"]
[EventType "swiss"]
[EventRounds "9"]
[EventCountry "SVK"]
[SourceTitle "CBM 191 Extra"]
[Source "ChessBase"]
[SourceDate "2019.09.30"]
[SourceVersion "1"]
[SourceVersionDate "2019.09.30"]
[SourceQuality "1"]

1. d4 Nf6 2. c4 g6 3. Nc3 d5 4. Bg5 Ne4 5. Bh4 Nxc3 6. bxc3 dxc4 7. e3 Be6 8. Qb1 Qd5 9. Nf3 Bg7 10. Be2 Nd7 11. 0-0 Nb6 12. a4 Bf5 13. Qb4 Qd6 14. Qxd6 exd6 15. a5 Nd5 16. Bxc4 Nxc3 17. Rfc1 Ne4 18. a6 Rb8 19. axb7 c6 20. Rxa7 Kd7 21. Bd3 Kc7 22. Ra6 c5 23. Bxe4 Bxe4 24. Bg3 Kxb7 25. Rxd6 1-0

[Event "CRO-ch U17/U19"]
[Site "Vinkovci"]
[Date "2019.07.25"]
[Round "6"]
[White "Kukas, Oliver"]
[Black "Radenic, Filip"]
[Result "0-1"]
[WhiteElo "2082"]
[BlackElo "2129"]
[PlyCount "104"]
[EventDate "2019.07.22"]
[EventType "swiss"]
[EventRounds "9"]
[EventCountry "CRO"]
[SourceTitle "EXT 2020"]
[Source "ChessBase"]
[SourceDate "2019.10.17"]
[SourceVersion "1"]
[SourceVersionDate "2019.10.17"]
[SourceQuality "1"]

1. d4 Nf6 2. Bf4 b6 3. Nf3 Bb7 4. e3 d6 5. c4 Nh5 6. Bg5 h6 7. Bh4 g5 8. Nfd2 Ng7 9. Bg3 Nf5 10. Qc2 e6 11. Bd3 Nxg3 12. hxg3 Bxg2 13. Rh2 Bb7 14. Nc3 Bg7 15. d5 exd5 16. cxd5 a6 17. e4 Nd7 18. Nc4 Ne5 19. Be2 Nxc4 20. Bxc4 Qe7 21. 0-0-0 0-0-0 22. Bd3 Kb8 23. Re1 Rc8 24. Qe2 Ka7 25. Kb1 c6 26. dxc6 Rxc6 27. Nd5 Qe5 28. f4 Qd4 29. Ne7 Rc5 30. Nf5 Qf6 31. Nxg7 Qxg7 32. Bc2 Re8 33. Qd3 gxf4 34. gxf4 Bxe4 35. Rxe4 Qg1+ 36. Bd1 Rxe4 37. Rd2 Rec4 38. a3 Qg6 39. Qxg6 fxg6 40. Rxd6 Rxf4 41. Rxg6 Rf1 42. Rd6 Kb7 43. Ka2 Kc7 44. Rd4 Rf2 45. a4 Rg5 46. Ka3 Rg3+ 47. b3 a5 48. Rc4+ Kd6 49. Rh4 Rg6 50. Rh5 Kc7 51. Re5 Rgg2 52. Bf3 Ra2# 0-1

[Event "CRO-ch U17/U19"]
[Site "Vinkovci"]
[Date "2019.07.23"]
[Round "3"]
[White "Muha, Miljenko"]
[Black "Kukas, Oliver"]
[Result "1/2-1/2"]
[WhiteElo "2345"]
[BlackElo "2082"]
[PlyCount "119"]
[EventDate "2019.07.22"]
[EventType "swiss"]
[EventRounds "9"]
[EventCountry "CRO"]
[SourceTitle "EXT 2020"]
[Source "ChessBase"]
[SourceDate "2019.10.17"]
[SourceVersion "1"]
[SourceVersionDate "2019.10.17"]
[SourceQuality "1"]

1. d4 Nf6 2. c4 g6 3. Nf3 Bg7 4. e3 0-0 5. Be2 d5 6. cxd5 Nxd5 7. e4 Nb6 8. 0-0 Bg4 9. Nbd2 c5 10. d5 e6 11. h3 Bxf3 12. Bxf3 exd5 13. exd5 N8d7 14. Ne4 c4 15. d6 Rc8 16. Bg5 f6 17. Bf4 Kh8 18. Rc1 f5 19. Ng5 Nc5 20. Re1 Bf6 21. Ne6 Nxe6 22. Rxe6 Bxb2 23. Bh6 Rf6 24. Bg5 Rxe6 25. Bxd8 Rxd8 26. Rc2 Rexd6 27. Qe1 Bf6 28. Qa5 c3 29. Qxa7 Nc4 30. Qc5 b5 31. a4 Rd2 32. Rc1 Nb2 33. axb5 Bg7 34. Qc7 R2d7 35. Qa5 Nc4 36. Qb4 Nd6 37. Bc6 Re7 38. g3 h6 39. Rxc3 Bxc3 40. Qxc3+ Kh7 41. Qf6 Nc8 42. Kg2 h5 43. h4 Rg8 44. Kf3 Rgg7 45. Qd4 Na7 46. Qd6 Nxc6 47. bxc6 Rgf7 48. Qd5 Kg7 49. Qd4+ Kh7 50. Qc3 Kg8 51. Kg2 Kh7 52. Qc4 Rc7 53. Qc5 Rf6 54. Kf3 Rfxc6 55. Qf8 Rc4 56. Qe8 Rg7 57. Qe6 Rgc7 58. Qd5 Re4 59. Qd8 Rec4 60. Qd5 1/2-1/2

[Event "Krapina op 9th"]
[Site "Krapina"]
[Date "2019.01.18"]
[Round "2"]
[White "Kukas, Oliver"]
[Black "Mlinaric, Simun"]
[Result "1-0"]
[WhiteElo "2098"]
[BlackElo "1702"]
[PlyCount "35"]
[EventDate "2019.01.17"]
[EventType "swiss"]
[EventRounds "7"]
[EventCountry "CRO"]
[SourceTitle "CBM 188 Extra"]
[Source "ChessBase"]
[SourceDate "2019.02.28"]
[SourceVersion "1"]
[SourceVersionDate "2019.02.28"]
[SourceQuality "1"]

1. d4 Nf6 2. Bf4 g6 3. Nc3 Bg7 4. e4 d6 5. Qd2 0-0 6. 0-0-0 b6 7. Bh6 Bb7 8. f3 Nbd7 9. h4 e5 10. d5 a6 11. g4 Nc5 12. h5 Bc8 13. Nge2 b5 14. Ng3 b4 15. Nb1 a5 16. hxg6 hxg6 17. Bxg7 Kxg7 18. Qh6+ 1-0

[Event "Hum na Sutli op 12th"]
[Site "Hum na Sutli"]
[Date "2018.08.29"]
[Round "7"]
[White "Amon, Nejc"]
[Black "Kukas, Oliver"]
[Result "1/2-1/2"]
[WhiteElo "2281"]
[BlackElo "2160"]
[PlyCount "32"]
[EventDate "2018.08.25"]
[EventType "swiss"]
[EventRounds "9"]
[EventCountry "CRO"]
[SourceTitle "CBM 186 Extra"]
[Source "ChessBase"]
[SourceDate "2018.08.24"]
[SourceVersion "1"]
[SourceVersionDate "2018.08.24"]
[SourceQuality "1"]

1. e4 c5 2. Nf3 d6 3. d4 cxd4 4. Nxd4 Nf6 5. Nc3 Nc6 6. f3 e5 7. Nb3 Be7 8. Be3 Be6 9. Qd2 d5 10. exd5 Nxd5 11. Nxd5 Qxd5 12. Qxd5 Bxd5 13. 0-0-0 0-0-0 14. Bb5 Kc7 15. Rhe1 a6 16. Bf1 b6 1/2-1/2

[Event "CRO-chT U16"]
[Site "Nasice"]
[Date "2017.12.27"]
[Round "2"]
[White "Ljubicic, Mario"]
[Black "Kukas, Oliver"]
[Result "0-1"]
[WhiteElo "1831"]
[BlackElo "2062"]
[PlyCount "66"]
[EventDate "2017.12.27"]
[EventType "team-tourn"]
[EventRounds "7"]
[EventCountry "CRO"]
[SourceTitle "EXT 2019"]
[Source "ChessBase"]
[SourceDate "2018.10.10"]
[SourceVersion "1"]
[SourceVersionDate "2018.10.10"]
[SourceQuality "1"]

1. e4 c5 2. Nf3 d6 3. d4 cxd4 4. Nxd4 Nf6 5. Nc3 a6 6. f3 e6 7. Be3 b5 8. Qd2 Bb7 9. 0-0-0 Nbd7 10. g4 Nb6 11. a3 Rc8 12. h4 Be7 13. h5 Nfd7 14. g5 Ne5 15. f4 Nec4 16. Bxc4 Nxc4 17. Qd3 Nxe3 18. Qxe3 Qb6 19. Qg3 Rc4 20. Nb3 Bxe4 21. Nxe4 Rxe4 22. Rd3 0-0 23. g6 fxg6 24. hxg6 h6 25. Qh3 Rfxf4 26. Rc3 Rf8 27. Nd2 Bg5 28. Rd3 Qf2 29. Rd1 Re3 30. Rxe3 Qxe3 31. Qg2 d5 32. Qh2 Qf2 33. Qh3 Qf5 0-1

[Event "CRO-ch U15"]
[Site "Trogir"]
[Date "2016.06.24"]
[Round "6"]
[White "Kukas, Oliver"]
[Black "Novosel, Marko"]
[Result "1-0"]
[WhiteElo "1847"]
[BlackElo "1746"]
[PlyCount "51"]
[EventDate "2016.06.21"]
[EventType "swiss"]
[EventRounds "9"]
[EventCountry "CRO"]
[SourceTitle "EXT 2017"]
[Source "ChessBase"]
[SourceDate "2016.10.25"]
[SourceVersion "1"]
[SourceVersionDate "2016.10.25"]
[SourceQuality "1"]

1. e4 c5 2. Nf3 d6 3. d4 cxd4 4. Nxd4 Nf6 5. Nc3 a6 6. Be3 b5 7. f3 Nbd7 8. Qd2 Nb6 9. a4 b4 10. Na2 a5 11. c3 bxc3 12. Nxc3 Nfd7 13. Ncb5 Bb7 14. Nb3 Rc8 15. Nxa5 Ba6 16. Nxd6+ exd6 17. Bxa6 Rc7 18. Bb5 Qb8 19. 0-0 Nc8 20. Rfc1 Be7 21. Rxc7 Qxc7 22. Rc1 Qb8 23. Qc3 Na7 24. Nc6 Nxc6 25. Qxc6 Qd8 26. Bb6 1-0

[Event "EU-ch U14 25th"]
[Site "Porec"]
[Date "2015.09.30"]
[Round "9"]
[White "Kukas, Oliver"]
[Black "Kaasen, Tor Fredrik"]
[Result "0-1"]
[WhiteElo "1791"]
[BlackElo "2071"]
[PlyCount "140"]
[EventDate "2015.09.21"]
[EventType "swiss"]
[EventRounds "9"]
[EventCountry "CRO"]
[SourceTitle "EXT 2016"]
[Source "ChessBase"]
[SourceDate "2015.10.08"]
[SourceVersion "1"]
[SourceVersionDate "2015.10.08"]
[SourceQuality "1"]

1. e4 e6 2. d4 d5 3. e5 c5 4. c3 Nc6 5. Nf3 Qb6 6. a3 Nh6 7. b4 cxd4 8. cxd4 Nf5 9. Bb2 Bd7 10. Nc3 Nfxd4 11. Nxd4 Qxd4 12. Qxd4 Nxd4 13. Nxd5 Nc2+ 14. Kd2 exd5 15. Kxc2 Rc8+ 16. Kd2 Be7 17. f4 0-0 18. Bd3 f6 19. e6 Bxe6 20. Rae1 Kf7 21. Bxh7 Bd6 22. g3 Rh8 23. Bg6+ Kxg6 24. Rxe6 Rc6 25. Kd3 Kf5 26. Re2 Rc4 27. Rf1 Rh3 28. Kd2 a5 29. bxa5 Ra4 30. Rf3 Rxa5 31. Rfe3 Kg4 32. Ke1 Rh8 33. Rb3 Rb8 34. Rd2 b6 35. Kf2 Rba8 36. Rdd3 Re8 37. Bd4 Bc5 38. Bxc5 Rxc5 39. Rd2 b5 40. Rbd3 Rd8 41. Kg2 Kf5 42. Kf3 Ke6 43. g4 Rc4 44. Re2+ Kd6 45. h4 Ra4 46. Rb2 Kc5 47. g5 fxg5 48. hxg5 Rf8 49. Rdb3 Rfxf4+ 50. Kg3 Rg4+ 51. Kf3 Raf4+ 52. Ke2 Rg2+ 53. Ke3 Rxb2 54. Rxb2 Rg4 55. Rc2+ Kb6 56. Rb2 Ka5 57. Rd2 Rxg5 58. Kf4 Rh5 59. Rd3 d4 60. Ke4 Rh4+ 61. Kd5 Ka4 62. Kc5 Ka5 63. Rg3 Ka4 64. Rd3 g5 65. Rg3 Rf4 66. Rxg5 Kxa3 67. Rd5 b4 68. Kc4 b3 69. Ra5+ Kb2 70. Rb5 Kc2 0-1

[Event "EU-ch U14 25th"]
[Site "Porec"]
[Date "2015.09.22"]
[Round "2"]
[White "Smith, Callum"]
[Black "Kukas, Oliver"]
[Result "1/2-1/2"]
[WhiteElo "1515"]
[BlackElo "1791"]
[PlyCount "113"]
[EventDate "2015.09.21"]
[EventType "swiss"]
[EventRounds "9"]
[EventCountry "CRO"]
[SourceTitle "EXT 2016"]
[Source "ChessBase"]
[SourceDate "2015.10.08"]
[SourceVersion "1"]
[SourceVersionDate "2015.10.08"]
[SourceQuality "1"]

1. e4 c5 2. c3 d5 3. exd5 Qxd5 4. d4 g6 5. Nf3 Bg7 6. Be2 Nf6 7. dxc5 Qxd1+ 8. Bxd1 Ne4 9. Be3 Na6 10. Ba4+ Bd7 11. c6 Bxc6 12. Bxc6+ bxc6 13. Nbd2 Nac5 14. Nxe4 Nxe4 15. Nd2 Nd6 16. Ke2 Kd7 17. Rhd1 Kc7 18. Rab1 e5 19. Bc5 Nb7 20. Ba3 f5 21. Nb3 a6 22. Nc5 Nxc5 23. Bxc5 Rad8 24. c4 e4 25. b3 Be5 26. h3 Rhe8 27. Rxd8 Rxd8 28. Rd1 Rxd1 29. Kxd1 f4 30. a4 Bd6 31. Bd4 c5 32. Bc3 Kd7 33. Ke2 Ke6 34. f3 Kf5 35. Bd2 g5 36. Ba5 h5 37. Bc3 g4 38. Be1 Be7 39. Bf2 Bf8 40. Be1 Bd6 41. Bf2 exf3+ 42. gxf3 g3 43. Be1 Be5 44. Kf1 Bd4 45. Ba5 Be3 46. Bc7 Ke6 47. Bb8 Kd7 48. Be5 Bd2 49. Bb8 Kc6 50. Be5 Kb6 51. Bd6 Bc1 52. Kg2 Kc6 53. Be5 Kd7 54. Bb8 Ke6 55. Bc7 Kf5 56. Bd6 Be3 57. Kf1 1/2-1/2

[Event "Hum na Sutli op 8th"]
[Site "Hum na Sutli"]
[Date "2014.08.29"]
[Round "1"]
[White "Kukas, Oliver"]
[Black "Pandurevic, Miro"]
[Result "0-1"]
[WhiteElo "1753"]
[BlackElo "2271"]
[PlyCount "72"]
[EventDate "2014.08.29"]
[EventType "swiss"]
[EventRounds "9"]
[EventCountry "CRO"]
[SourceTitle "CBM 162 Extra"]
[Source "ChessBase"]
[SourceDate "2014.10.17"]
[SourceVersion "1"]
[SourceVersionDate "2014.10.17"]
[SourceQuality "1"]

1. e4 e6 2. d4 d5 3. exd5 exd5 4. Bd3 Bd6 5. c3 Ne7 6. Be3 0-0 7. Nd2 Nf5 8. Qc2 Nxe3 9. fxe3 Qg5 10. 0-0-0 h6 11. Ngf3 Qxe3 12. Rde1 Qf4 13. g3 Qf6 14. Ne5 Bxe5 15. Rxe5 Be6 16. Rf1 Qd8 17. g4 Nd7 18. Re3 c5 19. dxc5 Nxc5 20. Bf5 d4 21. Rg3 Rc8 22. g5 dxc3 23. bxc3 Bxf5 24. Qxf5 g6 25. gxh6 Nb3+ 26. Nxb3 Rxc3+ 27. Kb2 Rxg3 28. Qe5 Rg2+ 29. Ka1 f6 30. Qe4 Rg5 31. h4 Qd5 32. Qb4 Qb5 33. Qxf8+ Kxf8 34. Rxf6+ Ke7 35. hxg5 Qxg5 36. Rf1 Qxh6 0-1